1991 1314 1304 1633 1446 1205 1752 1782 1796 1545 1810 1106 1608 1608 1282 1088 1935 1006 1890 1028 1222 1837 1094 1395 1692 1329 1121 1752 1065 1318 1731 1620 1809 1904 1266 1035 1165 1462 1491 1149 1798 1685 1914 1649 1795 1327 1373 1192 1574 1881 1027 1328 1789 1452 1648 1462 1079 1365 1583 1974 1981 1905 1248 1535 1191 1663 1332 1412 1782 1400 1465 1876 1009 1539 1255 1970 1814 1589 1970 1885 1540 1381 1537 1993 1657 1748 1255 1667 1865 1857 1718 1355 1700 1593 1068 1831 1024 1481 1003 BCNSPRNW ULIB Ver.6.0+V

เปลี่ยนเป็นภาษาไทย

Change to English
 แสดงรายละเอียดบรรณานุกรม
  กลับหน้าหลัก

Brief Record : Get Marc (ISO 2709) : E-mail record : QR code < ปิดหน้าต่าง
LEADER : 00000nam 2200000uu 4500
001    13399115162
003     ULIB
008    120713s2552||||th 000 0 tha d
020    ^a9786162040047
050  4 ^a QA76.75^bด211ค
100 0  ^aดวงพร เกี๋ยงคำ
245 10 ^aคู่มือ Office 2007 ฉบับสมบูรณ์ /^cดวงพร เกี๋ยงคำ
246 30 ^aOffice 2007 ฉบับสมบูรณ์
246 34 ^aคู่มือ Office 2007 ฉบับสมบูรณ์ (ปรับปรุงใหม่สำหรับปี 2010-
250    ^aพิมพ์ครั้งที่ 2
260    ^aกรุงเทพฯ :^bโปรวิชั่น,^c2552
300    ^a756 หน้า :^bภาพประกอบสี ;^c22 ซม.
650  4 ^aโปรแกรมคอมพิวเตอร์
650  4 ^aไมโครซอฟต์ออฟฟิศ (โปรแกรมคอมพิวเตอร์)
650  4 ^aไมโครซอฟต์ออฟฟิศ 2007 (โปรแกรมคอมพิวเตอร์)
650  4 ^aสำนักงานอัตโนมัติ^xโปรแกรมคอมพิวเตอร์
945    ^p299^l0^i19156
995    ^aเกษร
999    ^aใช้งานได้ทุกระบบ
รายการนี้ยังไม่มีแท็ก
คุณยังไม่ได้ล็อกอิน คุณสามารถมีกิจกรรมร่วมกับเว็บไซต์ได้ แต่ต้องล็อกอินก่อน ::
  ล็อกอิน

รายการสื่อสารสนเทศ

ลำดับที่ ประเภท เลขเรียก/บาร์โค้ด สถานที่ สถานะ
- ไม่พบข้อมูล -

รายการใกล้เคียง
    ผู้แต่ง [ดวงพร เกี๋ยงคำ]

    หัวเรื่อง [โปรแกรมคอมพิวเตอร์]
    หัวเรื่อง [ไมโครซอฟต์ออฟฟิศ (โปรแกรมคอมพิวเตอร์)]
    หัวเรื่อง [ไมโครซอฟต์ออฟฟิศ 2007 (โปรแกรมคอมพิวเตอร์)]

BibComment


ยังไม่เคยถูกคอมเมนท์

คอมเมนท์ทรัพยากรรายการนี้
  คอมเมนท์: คู่มือ Office 20..


 Copyright 2026. Bcnsprnw @Library